| 000 | 00514nam a2200181Ia 4500 | ||
|---|---|---|---|
| 005 | 20250508155905.0 | ||
| 008 | 008 250505s9999 xx 000 0 eng d | ||
| 037 | _aTextual | ||
| 040 |
_aFEDL _beng _cFEDL |
||
| 041 |
_aeng _2eng |
||
| 084 |
_a370.968 2, TRA _qFEDL |
||
| 245 | 0 | _aReport for the Year ended 31st December, 1960 | |
| 245 | 0 | _cTransvaal. Education, (Department of ...) | |
| 300 | _a232p | ||
| 650 | _aEducation | ||
| 942 |
_cTEXL _h370.968 2, TRA |
||
| 999 |
_c1359875 _d1359875 |
||